[Event "Ceske sachove vanoce 2012  -  OPEN"]
[Site "Litomysl"]
[Date "2012.12.27"]
[Round "2.29"]
[White "Lewicki, Pawel"]
[Black "Barta, Tomas"]
[Result "0-1"]
[WhiteElo "1934"]
[BlackElo "1729"]
[PlyCount "112"]
[EventDate "2012.12.26"]

1. d4 d6 2. e4 g6 3. Nc3 Nf6 4. Be3 Bg7 5. Qd2 Ng4 6. Bf4 e5 7. dxe5 Nxe5 8.
O-O-O O-O 9. Nf3 Nbc6 10. Bg5 Qe8 11. Nd5 Nxf3 12. gxf3 Qe5 13. c3 Be6 14. Bd3
Bxd5 15. f4 Qe8 16. exd5 Ne7 17. Bc2 Qd7 18. Bxe7 Qxe7 19. f5 Qh4 20. Kb1 Be5
21. f3 Bf4 22. Qg2 g5 23. f6 Rfe8 24. Rd4 Re1+ 25. Rxe1 Qxe1+ 26. Rd1 Qh4 27.
Qe2 Be5 28. Rg1 Qf4 29. Qd3 Qxf6 30. Qxh7+ Kf8 31. Qh5 Bf4 32. h4 gxh4 33. Qg4
Re8 34. Bh7 Bg3 35. Bd3 Qe7 36. Bh7 Qe3 37. Rd1 Qh6 38. Be4 Qg7 39. Qh5 Re5 40.
Qh7 Qxh7 41. Bxh7 h3 42. f4 Bxf4 43. c4 f5 44. Rf1 h2 45. Bg6 Kg7 46. Bh5 Bg3
47. Kc2 Kf6 48. Bf3 Kg5 49. b4 Re3 50. Bh1 f4 51. Kd2 Ra3 52. Ra1 Re3 53. b5 b6
54. a4 Kg4 55. a5 bxa5 56. Rxa5 Be1+ 0-1

[Event "Ceske sachove vanoce 2012  -  OPEN"]
[Site "Litomysl"]
[Date "2012.12.28"]
[Round "3.1"]
[White "Kanovsky, David"]
[Black "Bombek, Peter"]
[Result "1-0"]
[WhiteElo "2412"]
[BlackElo "2261"]
[PlyCount "51"]
[EventDate "2012.12.26"]

1. e4 e6 2. d3 d5 3. Nd2 c5 4. Ngf3 Nf6 5. g3 Be7 6. Bg2 Nc6 7. O-O O-O 8. Re1
b5 9. e5 Nd7 10. Nf1 a5 11. h4 b4 12. Bf4 Ba6 13. Ng5 Nd4 14. Ne3 h6 15. Nh3 f5
16. exf6 Nxf6 17. Be5 Nc6 18. Bxf6 Bxf6 19. Nf4 Bxb2 20. Nxe6 Qd6 21. Nxf8 Bxa1
22. Nf5 Qf6 23. Bxd5+ Kh8 24. Re6 Qxf8 25. Qxa1 Nd4 26. Nxd4 1-0

[Event "Ceske sachove vanoce 2012  -  OPEN"]
[Site "Litomysl"]
[Date "2012.12.28"]
[Round "3.2"]
[White "Mejzlik, Ondrej"]
[Black "Sodoma, Jan"]
[Result "1/2-1/2"]
[WhiteElo "2233"]
[BlackElo "2379"]
[PlyCount "102"]
[EventDate "2012.12.26"]

1. c4 Nf6 2. Nc3 e6 3. e4 c5 4. e5 Ng8 5. f4 Nc6 6. Nf3 d6 7. d3 Nh6 8. Be2 Nf5
9. O-O h5 10. exd6 Bxd6 11. Ne4 Be7 12. Qd2 b6 13. b3 Bb7 14. Bb2 Qd7 15. Bc3
O-O-O 16. Qb2 f6 17. a3 Ne3 18. Rfb1 Nd4 19. Bxd4 cxd4 20. b4 Kb8 21. c5 Qd5
22. cxb6 axb6 23. a4 g5 24. fxg5 fxg5 25. b5 g4 26. Nfd2 Rc8 27. Rc1 Bd6 28. a5
bxa5 29. Rxa5 Rxc1+ 30. Qxc1 Bb4 31. Ra1 Rc8 32. Qe1 Rc2 33. Qg3+ e5 34. Bd1
Rxd2 35. Bb3 Rxg2+ 36. Qxg2 Qxb3 37. Qg3 Qe6 38. Qh4 Be7 39. Qxh5 Bd8 40. Qh8
$11 Qe7 41. Nc5 g3 42. hxg3 Qg5 43. Qxe5+ Qxe5 44. Nd7+ Kc8 45. Nxe5 Bc7 46.
Rc1 Nd5 47. Nc6 Kd7 48. Kh2 Bb6 49. Rc4 Ne3 50. Rxd4+ Bxd4 51. Nxd4 Ng4+ $11
1/2-1/2

[Event "Ceske sachove vanoce 2012  -  OPEN"]
[Site "Litomysl"]
[Date "2012.12.28"]
[Round "3.4"]
[White "Sabuk, Piotr"]
[Black "Sabol, Marian"]
[Result "1-0"]
[WhiteElo "2195"]
[BlackElo "2341"]
[PlyCount "71"]
[EventDate "2012.12.26"]

1. d4 Nf6 2. c4 c5 3. d5 b5 4. cxb5 e6 5. dxe6 fxe6 6. Nf3 d5 7. e3 Bd6 8. b3
Qe7 9. Nbd2 Bb7 10. Qc2 Nbd7 11. Bb2 O-O 12. Bd3 Kh8 13. O-O e5 14. e4 d4 15.
Rfe1 Nh5 16. g3 g5 17. Qd1 Ng7 18. Nc4 Bc7 19. Bc1 Ne6 20. Qe2 Qf6 21. Kg2 Rf7
22. Rf1 Ndf8 23. h3 Ng6 24. Nh2 Rg8 25. Qh5 Qf5 26. Kg1 Qf6 27. a4 Bc8 28. Be2
Nef4 29. gxf4 Nxf4 30. Bxf4 gxf4+ 31. Kh1 f3 32. Nxf3 Bxh3 33. Rg1 Bg4 34. Rxg4
Rxg4 35. Qxg4 Rg7 36. Qh4 1-0

[Event "Ceske sachove vanoce 2012  -  OPEN"]
[Site "Litomysl"]
[Date "2012.12.28"]
[Round "3.5"]
[White "Cerveny, Martin"]
[Black "Maciol, Ryszard"]
[Result "1-0"]
[WhiteElo "2328"]
[BlackElo "2190"]
[PlyCount "47"]
[EventDate "2012.12.26"]

1. d4 Nf6 2. c4 e6 3. Nf3 c5 4. d5 b5 5. dxe6 fxe6 6. cxb5 d5 7. Nc3 a6 8. e4
d4 9. e5 Nd5 10. Nxd5 Qxd5 11. Qc2 Be7 12. Bc4 Qb7 13. bxa6 Nxa6 14. O-O Qc6
15. Bg5 Ra7 16. Bxe7 Rxe7 17. Ng5 Bb7 18. f3 Nb4 19. Qb3 Ba6 20. Rac1 h6 21.
Ne4 O-O 22. Nxc5 Bxc4 23. Qxc4 Rb8 24. a3 1-0

[Event "Ceske sachove vanoce 2012  -  OPEN"]
[Site "Litomysl"]
[Date "2012.12.28"]
[Round "3.6"]
[White "Heydarli, Kanan"]
[Black "Daniel, Martin"]
[Result "1-0"]
[WhiteElo "2301"]
[BlackElo "2081"]
[PlyCount "73"]
[EventDate "2012.12.26"]

1. d4 Nf6 2. c4 c5 3. dxc5 Qa5+ 4. Nc3 Ne4 5. Bd2 Nxd2 6. Qxd2 Qxc5 7. e3 d6 8.
Nf3 g6 9. Be2 Bg7 10. O-O O-O 11. Rac1 Nd7 12. Nd5 Re8 13. b4 Qc6 14. Nd4 Bxd4
15. exd4 Nb6 16. Ne3 e5 17. d5 Qc7 18. c5 Nd7 19. Bb5 a6 20. Ba4 Rd8 21. c6 Nb8
22. cxb7 Qxb7 23. Bc6 Nxc6 24. dxc6 Qc7 25. Nd5 Qa7 26. Qh6 f5 27. Nf6+ Kf7 28.
Nxh7 Rg8 29. Ng5+ Kf6 30. c7 Be6 31. Qh4 Bxa2 32. Ne4+ Kg7 33. Qf6+ Kh7 34.
Ng5+ Kh6 35. Rc3 Kh5 36. Ne6 Bxe6 37. Rh3+ 1-0

[Event "Ceske sachove vanoce 2012  -  OPEN"]
[Site "Litomysl"]
[Date "2012.12.28"]
[Round "3.7"]
[White "Pekar, Vaclav"]
[Black "Jozefek, Michal"]
[Result "1-0"]
[WhiteElo "2157"]
[BlackElo "2060"]
[PlyCount "59"]
[EventDate "2012.12.26"]

1. d4 Nf6 2. Nc3 d5 3. Bg5 Nbd7 4. Qd3 g6 5. f3 Bg7 6. e4 dxe4 7. fxe4 h6 8.
Bf4 g5 9. Bg3 Nh5 10. O-O-O c6 11. Be2 Ndf6 12. Be5 Ng8 13. Bxg7 Nxg7 14. Qf3
Nf6 15. h4 g4 16. Qf4 Ne6 17. Qe3 Qa5 18. d5 Nc7 19. Qf4 Bd7 20. Bc4 b5 21. d6
bxc4 22. dxe7 Ncd5 23. exd5 cxd5 24. Qe5 Rg8 25. Rxd5 Qb6 26. Rd6 Bc6 27. Nge2
Rb8 28. Nd4 Qxb2+ 29. Kd2 Nd5 30. Nxc6 1-0

[Event "Ceske sachove vanoce 2012  -  OPEN"]
[Site "Litomysl"]
[Date "2012.12.28"]
[Round "3.8"]
[White "Kastner, Oldrich"]
[Black "Novotny, Michal"]
[Result "0-1"]
[WhiteElo "2088"]
[BlackElo "2274"]
[PlyCount "66"]
[EventDate "2012.12.26"]

1. Nf3 d5 2. d4 e6 3. g3 Nf6 4. Bg2 b5 5. O-O Bb7 6. Nbd2 Nbd7 7. a4 a6 8. c3
Bd6 9. b3 O-O 10. Ba3 Bxa3 11. Rxa3 b4 12. cxb4 Qe7 13. a5 Qxb4 14. Qa1 Bc6 15.
Rc1 Bb5 16. Bf1 c5 17. Ra2 Ne4 18. Nxe4 dxe4 19. Nd2 cxd4 20. Nxe4 Rac8 21. Nd2
Rc3 22. Qb1 Rfc8 23. Rxc3 dxc3 24. Ne4 h6 25. Qc2 f5 26. Nd2 Nc5 27. Nb1 Nxb3
28. e3 Bxf1 29. Kxf1 Nxa5 30. Kg1 Kh7 31. Ra3 Qb2 32. Ra2 Qxa2 33. Qxa2 c2 0-1

[Event "Ceske sachove vanoce 2012  -  OPEN"]
[Site "Litomysl"]
[Date "2012.12.28"]
[Round "3.9"]
[White "Cerveny, Petr"]
[Black "Chudinovskikh, Alexander M"]
[Result "1-0"]
[WhiteElo "2269"]
[BlackElo "2263"]
[PlyCount "140"]
[EventDate "2012.12.26"]

1. e4 d5 2. exd5 Nf6 3. Nf3 Nxd5 4. d4 g6 5. c4 Nb6 6. c5 Nd5 7. Bc4 c6 8. Nc3
Bg7 9. Qb3 O-O 10. O-O Nxc3 11. bxc3 b5 12. cxb6 axb6 13. Re1 e6 14. Bg5 Qc7
15. Bh4 Ba6 16. Bg3 Qb7 17. Bxe6 fxe6 18. Rxe6 Kh8 19. Bd6 Nd7 20. Rae1 c5 21.
Bxf8 Rxf8 22. Re7 Qc6 23. R1e6 Qb5 24. Qxb5 Bxb5 25. Rd6 Nf6 26. Rxb6 Bc4 27.
Rbb7 Nh5 28. a4 Bd5 29. Rbd7 Bc6 30. Rc7 Bxa4 31. Rxc5 Rb8 32. Rcc7 Bf8 33.
Rxh7+ Kg8 34. Rb7 Rd8 35. Rhc7 Bd6 36. Rc4 Bc2 37. Ne1 Be4 38. Rb6 Nf4 39. Kf1
Nxg2 40. Rxd6 Rxd6 41. Rc8+ Kg7 42. Nxg2 Ra6 43. Ne1 Ra2 44. Re8 Bc6 45. Re3
Bd5 46. Nf3 g5 47. h3 Kf6 48. Kg2 Rc2 49. Kh2 Rc1 50. Ne1 Bb7 51. h4 gxh4 52.
Kh3 Bc6 53. Kxh4 Bb7 54. Kg4 Bc6 55. f3 Bb7 56. Ng2 Bd5 57. Kg3 Bc4 58. Nf4 Kf5
59. Re5+ Kf6 60. Rc5 Bf1 61. d5 Ke5 62. Rc6 Bb5 63. Re6+ Kf5 64. Re3 Rg1+ 65.
Ng2 Ra1 66. Re4 Rc1 67. c4 Bd7 68. Ne3+ Kf6 69. Kf4 Ba4 70. Ng4+ Kf7 1-0

[Event "Ceske sachove vanoce 2012  -  OPEN"]
[Site "Litomysl"]
[Date "2012.12.28"]
[Round "3.10"]
[White "Kimerling, Martin"]
[Black "Jasny, Stanislav"]
[Result "1/2-1/2"]
[WhiteElo "2047"]
[BlackElo "2303"]
[PlyCount "99"]
[EventDate "2012.12.26"]

1. d4 Nf6 2. c4 e6 3. g3 Bb4+ 4. Nc3 O-O 5. Bg2 d5 6. Nf3 dxc4 7. Qa4 Nd5 8.
O-O Bd7 9. Qc2 Be7 10. Ne5 Bc6 11. Nxc6 Nxc6 12. Rd1 Ncb4 13. Qb1 Rb8 14. a3
Nxc3 15. bxc3 Nd5 16. Qc2 b5 17. a4 a6 18. axb5 axb5 19. Ba3 Ra8 20. Bxe7 Qxe7
21. Qb2 c6 22. Rxa8 Rxa8 23. Ra1 Rxa1+ 24. Qxa1 g6 25. e4 Nb6 26. Qa5 Qb7 27.
h4 h5 28. Bf3 Kg7 29. Kg2 Qb8 30. Qa3 Qf8 31. Qa5 Qb8 32. Qa3 $11 Na4 33. e5
Qf8 34. Qc1 b4 35. cxb4 Qxb4 36. Qg5 c3 37. Bxh5 Qf8 38. Qf6+ Kg8 39. Bd1 Nb6
40. h5 Nd5 41. Qg5 Qg7 42. Bb3 gxh5 43. Qc1 Qg4 44. Bxd5 cxd5 45. Qxc3 h4 46.
Qc8+ Kg7 47. Qd8 hxg3 48. Qf6+ Kg8 49. fxg3 Qxd4 50. Qg5+ 1/2-1/2

[Event "Ceske sachove vanoce 2012  -  OPEN"]
[Site "Litomysl"]
[Date "2012.12.28"]
[Round "3.11"]
[White "Goluch, Piotr"]
[Black "Chiu, Howard"]
[Result "0-1"]
[WhiteElo "2253"]
[BlackElo "2042"]
[PlyCount "68"]
[EventDate "2012.12.26"]

1. d4 Nf6 2. c4 e6 3. Nc3 Bb4 4. e3 c5 5. Bd3 Bxc3+ 6. bxc3 Nc6 7. f4 d6 8. Nf3
e5 9. d5 e4 10. dxc6 exd3 11. cxb7 Bxb7 12. Qxd3 Ne4 13. O-O O-O 14. Rb1 Bc6
15. Bd2 f5 16. Rb2 Qf6 17. Rfb1 Rae8 18. Be1 h6 19. Rb3 Qe6 20. R1b2 Rf6 21. h3
Qc8 22. Bh4 Rg6 23. Kh2 Qa6 24. Ne1 Kh7 25. Qe2 Bd7 26. Rb7 Be6 27. Rc7 Nxc3
28. Qh5 Qxc4 29. Rbb7 Rg8 30. Nf3 Ne4 31. Bg5 Qe2 32. Rxa7 Nd2 33. h4 Bd5 34.
Kg3 Bxf3 0-1

[Event "Ceske sachove vanoce 2012  -  OPEN"]
[Site "Litomysl"]
[Date "2012.12.28"]
[Round "3.12"]
[White "Jedlicka, Ales"]
[Black "Seidl, Antonin"]
[Result "1-0"]
[WhiteElo "2223"]
[BlackElo "2028"]
[PlyCount "91"]
[EventDate "2012.12.26"]

1. d4 Nf6 2. c4 e5 3. dxe5 Ng4 4. Bf4 Nc6 5. Nf3 Bb4+ 6. Nbd2 Qe7 7. e3 Ngxe5
8. Nxe5 Nxe5 9. Be2 O-O 10. O-O b6 11. Nb3 Bb7 12. a3 Bd6 13. Nd4 Rfc8 14. Qc2
Qe8 15. Rad1 Bf8 16. Bg3 d6 17. Rfe1 g6 18. f4 Nc6 19. Bg4 Rd8 20. Bf3 Bg7 21.
Bh4 Rdb8 22. Nb5 Rc8 23. e4 a6 24. Nc3 Nd4 25. Qd3 Nxf3+ 26. gxf3 Qd7 27. Nd5
Bxd5 28. cxd5 Bxb2 29. e5 dxe5 30. fxe5 Qa4 31. Qe4 Qxe4 32. Rxe4 Bxa3 33. d6
cxd6 34. exd6 Rd8 35. d7 Bc5+ 36. Kg2 Kf8 37. Bg5 b5 38. Bh6+ Kg8 39. Rd5 Ba3
40. Bg5 Kf8 41. Bxd8 Rxd8 42. Rd3 Be7 43. Re2 b4 44. Ra2 b3 45. Rxa6 Bc5 46.
Ra5 1-0

[Event "Ceske sachove vanoce 2012  -  OPEN"]
[Site "Litomysl"]
[Date "2012.12.28"]
[Round "3.13"]
[White "Seidl, Stepan"]
[Black "Skoda, Martin"]
[Result "0-1"]
[WhiteElo "2185"]
[BlackElo "2017"]
[PlyCount "88"]
[EventDate "2012.12.26"]

1. e4 c5 2. Nf3 a6 3. c3 d5 4. exd5 Qxd5 5. d4 Bg4 6. Be2 e6 7. h3 Bh5 8. c4
Qd6 9. d5 Nf6 10. Nc3 Be7 11. dxe6 fxe6 12. Qa4+ Nc6 13. Be3 O-O 14. Rd1 Qc7
15. Ng5 Bxe2 16. Nxe2 Qe5 17. O-O Ng4 18. hxg4 Bxg5 19. Rd3 Bxe3 20. Rxe3 Qxb2
21. Ng3 Nd4 22. Qd7 Rf7 23. Qd6 Raf8 24. Ne4 b6 25. a4 a5 26. f3 h6 27. Ree1
Ne2+ 28. Kh2 Nf4 29. Rf2 Qb3 30. g3 Ng6 31. Qxe6 Kh7 32. f4 Re7 33. Qd6 Rfe8
34. Rfe2 Rxe4 35. Rxe4 Rxe4 36. f5 Nh8 37. Rd1 Re2+ 38. Kh3 Qf3 39. Qd5 Qxd5
40. cxd5 Nf7 41. g5 Nxg5+ 42. Kg4 Re4+ 43. Kh5 Rd4 44. Rb1 Ne4 0-1

[Event "Ceske sachove vanoce 2012  -  OPEN"]
[Site "Litomysl"]
[Date "2012.12.29"]
[Round "4.1"]
[White "Cerveny, Martin"]
[Black "Kanovsky, David"]
[Result "1/2-1/2"]
[WhiteElo "2328"]
[BlackElo "2412"]
[PlyCount "75"]
[EventDate "2012.12.26"]

1. d4 Nf6 2. c4 c5 3. d5 e6 4. Nc3 exd5 5. cxd5 d6 6. e4 g6 7. Bd3 Bg7 8. h3
O-O 9. Nf3 a6 10. a4 Re8 11. O-O Nh5 12. Bg5 Bf6 13. Be3 Nd7 14. Nd2 Bd4 15.
Bxd4 cxd4 16. Ne2 Ne5 17. Ra3 Nf6 18. Bb1 d3 19. Bxd3 Nxd3 20. Rxd3 Nxe4 21.
Nxe4 Rxe4 22. Nc3 Re5 23. Re1 Rxe1+ 24. Qxe1 Bf5 $11 25. Re3 h5 26. f3 h4 27.
Ne4 b5 28. axb5 axb5 29. Kh2 Rc8 30. Qb4 Bxe4 31. Rxe4 Rc2 32. Qb3 Rc5 33. Qe3
Kg7 34. Re7 Rxd5 35. Qc3+ Kg8 36. Rc7 Rc5 37. Rxc5 dxc5 38. Qxc5 $11 1/2-1/2

[Event "Ceske sachove vanoce 2012  -  OPEN"]
[Site "Litomysl"]
[Date "2012.12.29"]
[Round "4.4"]
[White "Novotny, Michal"]
[Black "Mejzlik, Ondrej"]
[Result "1-0"]
[WhiteElo "2274"]
[BlackElo "2233"]
[PlyCount "101"]
[EventDate "2012.12.26"]

1. e4 c6 2. d4 d5 3. exd5 cxd5 4. Bd3 Nc6 5. c3 Nf6 6. Bf4 e6 7. Nf3 Bd6 8. Bg3
a6 9. Nbd2 Bxg3 10. hxg3 Qd6 11. Qe2 Bd7 12. Ne5 h6 13. g4 Rf8 14. f4 O-O-O 15.
O-O-O Kb8 16. Kb1 Bc8 17. Ndf3 Nd7 18. g5 hxg5 19. Nxg5 Ndxe5 20. fxe5 Qe7 21.
Qg4 f5 22. Qg3 Rh8 23. Rh4 Rh6 24. Rxh6 gxh6 25. Nh3 b5 26. Nf4 Qg5 27. Qf2 Bd7
28. Rh1 Rh8 29. Qh4 Qxh4 30. Rxh4 Ne7 31. Be2 Kc8 32. Rh3 Kd8 33. Kc2 Bc8 34.
Kb3 Kc7 35. Rg3 Rh7 36. Nh5 Kd8 37. Nf6 Rh8 38. Kb4 f4 39. Rg4 Nf5 40. Rxf4 Kc7
41. g4 Ne3 42. Rf3 Nc2+ 43. Kc5 Rd8 44. Rh3 Kb8 45. Rxh6 Bb7 46. Kb6 b4 47. Rh7
Bc8 48. g5 bxc3 49. bxc3 Ne3 50. g6 Nf5 51. g7 1-0

[Event "Ceske sachove vanoce 2012  -  OPEN"]
[Site "Litomysl"]
[Date "2012.12.29"]
[Round "4.6"]
[White "Sabol, Marian"]
[Black "Hrabal, Michal"]
[Result "1-0"]
[WhiteElo "2341"]
[BlackElo "2100"]
[PlyCount "81"]
[EventDate "2012.12.26"]

1. Nf3 Nf6 2. g3 g6 3. b3 Bg7 4. Bb2 O-O 5. Bg2 d6 6. d4 c6 7. O-O Qa5 8. Re1
Qh5 9. e4 Bh3 10. Nbd2 Nbd7 11. Nh4 Bxg2 12. Qxh5 Nxh5 13. Nxg2 c5 14. e5 cxd4
15. g4 Bh6 16. Nf3 Nf4 17. exd6 exd6 18. Bxd4 Rfe8 19. Kf1 Nxg2 20. Kxg2 Nc5
21. g5 Bg7 22. Rad1 Rxe1 23. Rxe1 Ne6 24. Be3 a6 25. Rd1 Bf8 26. a4 Rc8 27. c4
Nc5 28. Nd2 Be7 29. Bxc5 dxc5 30. Ne4 Rc7 31. Nf6+ Bxf6 32. gxf6 h5 33. a5 Kh7
34. Re1 Rc6 35. Re7 Rxf6 36. Rxb7 Rc6 37. Rd7 Kh6 38. h4 g5 39. Rb7 gxh4 40.
Rb6 Rg6+ 41. Kh3 1-0

[Event "Ceske sachove vanoce 2012  -  OPEN"]
[Site "Litomysl"]
[Date "2012.12.29"]
[Round "4.8"]
[White "Vyprachticky, David"]
[Black "Jedlicka, Ales"]
[Result "0-1"]
[WhiteElo "2092"]
[BlackElo "2223"]
[PlyCount "92"]
[EventDate "2012.12.26"]

1. c4 Nf6 2. Nc3 g6 3. g3 Bg7 4. Bg2 O-O 5. Nf3 d6 6. O-O Nc6 7. d3 e5 8. Rb1
a5 9. a3 Nd4 10. e3 Nxf3+ 11. Bxf3 c6 12. b4 axb4 13. axb4 d5 14. b5 Be6 15.
Qb3 e4 16. dxe4 dxc4 17. Qb4 Nd7 18. Be2 c5 19. Qb2 Qa5 20. Bd2 Nb6 21. Qc2
Rfd8 22. Nd5 Qa2 23. Qxa2 Rxa2 24. Nxb6 c3 25. Bxc3 Rxe2 26. e5 Rd3 27. Rfc1
Ra2 28. Ba1 Rdd2 29. Rf1 Bh6 30. Bc3 Rdc2 31. Rbc1 Bxe3 32. Rxc2 Rxc2 33. fxe3
Rxc3 34. Na4 Rc2 35. Rd1 c4 36. Nc5 Bg4 37. Rd8+ Kg7 38. Ne4 c3 39. Nf6 Rc1+
40. Kg2 c2 41. Rg8+ Kh6 42. h4 Rg1+ 43. Kh2 Rh1+ 44. Kg2 Bh3+ 45. Kxh1 c1=Q+
46. Kh2 Qf1 0-1

[Event "Ceske sachove vanoce 2012  -  OPEN"]
[Site "Litomysl"]
[Date "2012.12.29"]
[Round "4.9"]
[White "Szumilas, Piotr"]
[Black "Daniel, Martin"]
[Result "1/2-1/2"]
[WhiteElo "2204"]
[BlackElo "2081"]
[PlyCount "74"]
[EventDate "2012.12.26"]

1. e4 Nc6 2. Nf3 Nf6 3. Nc3 d5 4. e5 Nd7 5. d4 Nb6 6. h3 a6 7. Be3 h6 8. a3 Bf5
9. Nh4 Qd7 10. Nxf5 Qxf5 11. Bd3 Qd7 12. Qe2 e6 13. f4 O-O-O 14. g4 Kb8 15.
O-O-O Na5 16. f5 Nac4 17. fxe6 fxe6 18. Rdf1 Be7 19. Kb1 Nxe3 20. Qxe3 Rhf8 21.
Qe2 c5 22. dxc5 Bxc5 23. Na2 Qc7 24. Nb4 a5 25. Na2 Nd7 26. Nc3 Qxe5 27. Qd2
Qe3 28. Qxe3 Bxe3 29. Re1 d4 30. Nd1 Ne5 31. Nxe3 Nxd3 32. cxd3 dxe3 33. Rxe3
Rf2 34. Rc1 Rd6 35. Rc2 Rf1+ 36. Rc1 Rf2 37. Rc2 Rf1+ $11 1/2-1/2

[Event "Ceske sachove vanoce 2012  -  OPEN"]
[Site "Litomysl"]
[Date "2012.12.29"]
[Round "4.10"]
[White "Maciol, Ryszard"]
[Black "Jozefek, Michal"]
[Result "1/2-1/2"]
[WhiteElo "2190"]
[BlackElo "2060"]
[PlyCount "93"]
[EventDate "2012.12.26"]

1. d4 Nf6 2. c4 e6 3. Nc3 Bb4 4. e3 O-O 5. Bd3 d5 6. Nf3 c5 7. a3 Bxc3+ 8. bxc3
dxc4 9. Bxc4 Qc7 10. Qe2 Nc6 11. O-O e5 12. e4 cxd4 13. Bg5 Ne8 14. cxd4 Bg4
15. Qd3 Bxf3 16. gxf3 Nxd4 17. f4 Nd6 18. Bd5 Nc6 19. Rfd1 Nc8 20. Qg3 Kh8 21.
fxe5 Qxe5 22. Bxc6 Qxg3+ 23. hxg3 bxc6 24. Rac1 Nb6 25. Rxc6 Rac8 26. Rdc1 Rxc6
27. Rxc6 Rc8 28. Rxc8+ Nxc8 29. Be3 Kg8 30. Kf1 Kf8 31. Bc5+ Ke8 32. Ke2 Kd7
33. Kd3 Kc6 34. Bf8 g6 35. Kd4 Nb6 36. Bc5 Nc8 37. Bb4 Nb6 38. Bf8 Nd7 39. Be7
a6 40. f4 Nb6 41. f5 Nd7 42. f6 h5 43. e5 g5 44. e6 fxe6 45. f7 h4 46. gxh4
gxh4 47. Bxh4 $11 1/2-1/2

[Event "Ceske sachove vanoce 2012  -  OPEN"]
[Site "Litomysl"]
[Date "2012.12.29"]
[Round "4.11"]
[White "Lys, Josef"]
[Black "Mejzlik, Vojtech"]
[Result "0-1"]
[WhiteElo "2158"]
[BlackElo "2052"]
[PlyCount "144"]
[EventDate "2012.12.26"]

1. d4 f5 2. c4 Nf6 3. g3 e6 4. Bg2 d5 5. Nf3 c6 6. O-O Bd6 7. Bf4 O-O 8. Nc3
dxc4 9. a4 Bxf4 10. gxf4 Nd5 11. e3 b6 12. Ne5 Ba6 13. Kh1 Qc7 14. Rg1 Nd7 15.
Bf3 Nxe5 16. fxe5 Bb7 17. Rc1 Qe7 18. Qf1 Qb4 19. Nd1 b5 20. axb5 cxb5 21. Qg2
Qe7 22. Nc3 Nxc3 23. Bxb7 Rab8 24. Bf3 Na4 25. Rc2 Kh8 26. e4 g6 27. Qh3 Rg8
28. Re2 c3 29. b3 Nb6 30. d5 fxe4 31. d6 Qf7 32. Bxe4 b4 33. Re3 Nd7 34. Rf3
Qe8 35. Qh4 Qd8 36. Qg3 Rb5 37. Bc6 Rc5 38. Bxd7 Qxd7 39. Rf6 Qc6+ 40. f3 c2
41. Rc1 Qd5 42. Qf4 Qd1+ 43. Kg2 Qe2+ 44. Kg3 g5 45. Qe4 Rxe5 46. Qxc2 Qxc2 47.
Rxc2 Kg7 48. d7 Kxf6 49. Rc8 Rd5 50. Rxg8 Rxd7 51. Rb8 a5 52. Ra8 Rd5 53. Kg4
Rd4+ 54. Kg3 h5 55. Rxa5 Rd3 56. Kg2 Rxb3 57. h4 g4 58. fxg4 hxg4 59. Rb5 e5
60. h5 Kf5 61. h6 Rh3 62. Rb6 b3 63. Kg1 Kf4 64. h7 Rxh7 65. Rxb3 Ra7 66. Rb2
Ra3 67. Rf2+ Rf3 68. Rb2 e4 69. Ra2 Rd3 70. Ra4 Rd2 71. Ra1 Re2 72. Kf1 Kf3 0-1

[Event "Ceske sachove vanoce 2012  -  OPEN"]
[Site "Litomysl"]
[Date "2012.12.29"]
[Round "4.19"]
[White "Jablon, Stephen"]
[Black "Seidl, Stepan"]
[Result "1-0"]
[WhiteElo "1931"]
[BlackElo "2185"]
[PlyCount "123"]
[EventDate "2012.12.26"]

1. d4 Nf6 2. c4 g6 3. Nc3 d5 4. Nf3 Bg7 5. Bg5 Ne4 6. cxd5 Nxg5 7. Nxg5 e6 8.
Qa4+ c6 9. dxc6 Nxc6 10. Nf3 Bd7 11. Qd1 Qb6 12. Qd2 Nxd4 13. O-O-O Rd8 14.
Nxd4 Bc6 15. e3 e5 16. Qe1 exd4 17. exd4+ Kf8 18. d5 Bxd5 19. Rxd5 Rxd5 20.
Qe7+ Kxe7 21. Nxd5+ Kd6 22. Nxb6 axb6 23. Be2 Rc8+ 24. Kb1 Rc7 25. Rd1+ Ke5 26.
Bf3 Bf8 27. Rc1 Rd7 28. Rd1 Bd6 29. Re1+ Kf6 30. Rd1 Ke7 31. Re1+ Kd8 32. Rd1
Kc7 33. Rc1+ Kd8 34. Rd1 Kc7 35. Rc1+ Kd8 36. Rd1 Kc8 37. Rc1+ Bc7 38. Re1 Rd2
39. Re7 f6 40. Rxh7 Rxf2 41. Rh8+ Kd7 42. Rh7+ Kc8 43. Rh8+ Bd8 44. h4 f5 45.
Rg8 Rf1+ $11 46. Kc2 Rh1 47. g3 Rh2+ 48. Kb1 Rf2 49. Bd5 f4 $11 50. g4 f3 51.
h5 Kd7 52. hxg6 Rf1+ 53. Kc2 f2 $11 54. Rf8 Bg5 55. g7 Bh6 56. Rf7+ Kd6 57.
g8=Q Rc1+ 58. Kb3 f1=Q 59. Rxf1 Rxf1 60. Qe6+ Kc5 61. Bg2 Rg1 62. Qd5# 1-0

[Event "Ceske sachove vanoce 2012  -  OPEN"]
[Site "Litomysl"]
[Date "2012.12.29"]
[Round "4.21"]
[White "Seidl, Antonin"]
[Black "Johnova, Eliska"]
[Result "0-1"]
[WhiteElo "2028"]
[BlackElo "1848"]
[PlyCount "108"]
[EventDate "2012.12.26"]

1. e4 e6 2. d3 d5 3. Nd2 Nf6 4. Ngf3 b6 5. g3 Bb7 6. e5 Nfd7 7. Bg2 c5 8. O-O
Nc6 9. Re1 Qc7 10. Qe2 Be7 11. c3 Rc8 12. h4 a6 13. Nf1 b5 14. Bf4 c4 15. d4 b4
16. Ng5 h6 17. Nxe6 fxe6 18. Qg4 Nd8 19. Qxg7 Nf7 20. Ne3 Nb6 21. Nf5 Bf8 22.
Qf6 Qd7 23. Nd6+ Bxd6 24. exd6 O-O 25. Rxe6 Rce8 26. Rae1 Rxe6 27. Rxe6 Nh8 28.
Qxh6 Qg7 29. Qh5 Qf7 30. Qg5+ Qg7 31. Qh5 Qh7 32. Qg4+ Qg7 33. Bg5 Bc8 34. Bh3
Bxe6 35. Qxe6+ Qf7 36. d7 Nxd7 37. Qxd7 Qxf2+ 38. Kh1 Qe1+ 39. Kh2 Rf2+ 40. Bg2
Qe4 41. Qd8+ Kh7 42. Qe7+ Qxe7 43. Bxe7 bxc3 44. bxc3 Rxa2 45. Kh3 Ra5 46. g4
Rb5 47. g5 Ng6 48. Bd6 a5 49. Kg4 a4 50. h5 Nh8 51. Kf5 Ra5 52. g6+ Kg7 53. h6+
Kg8 54. Kf6 Nxg6 0-1

[Event "Ceske sachove vanoce 2012  -  OPEN"]
[Site "Litomysl"]
[Date "2012.12.29"]
[Round "4.27"]
[White "Lewicki, Pawel"]
[Black "Liduch, Filip"]
[Result "0-1"]
[WhiteElo "1934"]
[BlackElo "1707"]
[PlyCount "76"]
[EventDate "2012.12.26"]

1. Nf3 d5 2. d4 Nf6 3. Bf4 e6 4. e3 Be7 5. Bd3 O-O 6. Nbd2 Nbd7 7. c3 c5 8. h3
b6 9. Rc1 Bb7 10. O-O Rc8 11. Ne5 Nxe5 12. dxe5 Ne4 13. f3 Nxd2 14. Qxd2 f5 15.
exf6 Bxf6 16. e4 e5 17. Be3 d4 18. cxd4 cxd4 19. Rxc8 Bxc8 20. Bc4+ Kh8 21. Bf2
Bg5 22. Qd3 Qf6 23. Qa3 a5 24. h4 Bf4 25. g4 Bd2 26. Kg2 h6 27. Bg3 Rd8 28. Rf2
Be3 29. Rc2 Be6 30. Bd3 Rf8 31. Be2 Bf4 32. Qd3 Bxg3 33. Kxg3 Qf4+ 34. Kg2 Bxg4
35. fxg4 Qf2+ 36. Kh3 Qe3+ 37. Bf3 Rxf3+ 38. Kg2 Rg3+ 0-1

[Event "Ceske sachove vanoce 2012  -  OPEN"]
[Site "Litomysl"]
[Date "2012.12.29"]
[Round "5.1"]
[White "Kanovsky, David"]
[Black "Heydarli, Kanan"]
[Result "1-0"]
[WhiteElo "2412"]
[BlackElo "2301"]
[PlyCount "55"]
[EventDate "2012.12.26"]

1. e4 c5 2. Nf3 e6 3. d4 cxd4 4. Nxd4 a6 5. Bd3 Nf6 6. O-O d6 7. Kh1 Nbd7 8. f4
Qc7 9. Qe2 Be7 10. Bd2 b6 11. Nc3 Bb7 12. Rae1 O-O 13. e5 Nd5 14. f5 Nxc3 15.
Bxc3 dxe5 16. fxe6 fxe6 17. Nxe6 Rxf1+ 18. Rxf1 Qc6 19. Bxh7+ Kh8 20. Bf5 Nf6
21. Bxe5 Qb5 22. c4 Qe8 23. Nc7 Qc6 24. Nxa8 Bxa8 25. Bxf6 Bxf6 26. Re1 Be5 27.
Qh5+ Kg8 28. Be4 1-0

[Event "Ceske sachove vanoce 2012  -  OPEN"]
[Site "Litomysl"]
[Date "2012.12.29"]
[Round "5.2"]
[White "Sharashenidze, Akaki"]
[Black "Novotny, Michal"]
[Result "1/2-1/2"]
[WhiteElo "2351"]
[BlackElo "2274"]
[PlyCount "88"]
[EventDate "2012.12.26"]

1. Nf3 d5 2. b3 Bg4 3. g3 Bxf3 4. exf3 Nf6 5. f4 e6 6. Bb2 Be7 7. Bh3 Nc6 8.
Qe2 d4 9. Bg2 Qd7 10. d3 Bb4+ 11. Nd2 O-O-O 12. O-O Bxd2 13. Qxd2 h5 14. h4 Ng4
15. c3 dxc3 16. Qxc3 Qxd3 17. Bxc6 Qxc3 18. Bxb7+ Kxb7 19. Bxc3 Rd3 20. Rac1
Rhd8 21. Rc2 f6 22. Ba5 R8d7 23. Rfc1 Rd1+ 24. Rxd1 Rxd1+ 25. Kg2 c6 $11 26.
Bd2 f5 27. Bc3 g6 28. Re2 Rd3 29. Bb4 Rd4 30. Bc5 Rd5 31. b4 a5 32. a3 a4 33.
Rxe6 Rd3 34. Rxg6 Rxa3 35. b5 Rb3 36. bxc6+ Kc7 37. Bd4 a3 38. Rg5 Rd3 39. Bh8
Rd2 40. Kg1 Rd1+ 41. Kg2 Rd2 42. Rxh5 a2 43. Kg1 Rd1+ 44. Kg2 Rd2 $11 1/2-1/2